000 00376nam a2200145Ia 4500
008 230917s9999||||xx |||||||||||||| ||und||
040 _e139665
_aMAIN
041 _aEnglish
082 _a583.3 K582S
100 _aKing, Gerald W.
245 0 _aSpectroscopy and molecular structure
260 _aNew York
_bHolt, Rinehartandwinston
_c1964
300 _a482p p.
942 _cBK
999 _c167721
_d167721